| 000 | 01476pam a2200397 a 4500 | ||
|---|---|---|---|
| 999 |
_c16601 _d16601 |
||
| 001 | 015748254 | ||
| 003 | EG-ScBUE | ||
| 005 | 20201014093734.0 | ||
| 008 | 110202t2012 enkab f b 001 0 eng d | ||
| 020 | _a0273754092 (pbk.) | ||
| 020 | _a9780273754091 (pbk.) | ||
| 040 |
_aEG-ScBUE _beng _erda _cEG-ScBUE _dEG-ScBUE |
||
| 082 | 0 | 4 |
_a337 _bKRU _222 |
| 100 | 1 |
_aKrugman, Paul R., _eauthor. _929448 |
|
| 245 | 1 | 0 |
_aInternational Economics : _btheory & policy / _cPaul R. Krugman, Princeton University, Maurice Obstfeld, University of California, Berkeley, Marc J. Melitz, Harvard University. |
| 250 | _aNinth edition. | ||
| 250 | _aGlobal edition. | ||
| 264 | 1 |
_aHarlow, England : _bPearson Education Limited, _c[2012] |
|
| 264 | 4 | _cc2012 | |
| 300 |
_a731 pages : _billustrations, color maps ; _c26 cm. |
||
| 336 |
_2rdacontent _atext _btxt |
||
| 337 |
_2rdamedia _aunmediated _bn |
||
| 338 |
_2rdacarrier _avolume _bnc |
||
| 490 | 0 | _aThe Pearson series in economics | |
| 500 | _aIncludes internet student access code card. | ||
| 500 | _aPrevious ed.: 2009. | ||
| 500 |
_aFormerly CIP. _5Uk |
||
| 504 | _aIncludes bibliographical references and index. | ||
| 650 | 7 |
_aInternational economic relations. _2BUEsh _929450 |
|
| 653 |
_cMarch2012 _bBUSECO |
||
| 655 |
_vReading book _934232 |
||
| 700 | 1 |
_aObstfeld, Maurice, _eauthor. _929451 |
|
| 700 | 1 |
_aMelitz, Marc J., _eauthor. _929452 |
|
| 856 |
_uhttp://www.myeconlab.com _zaccess to online code |
||
| 942 |
_2ddc _cBB |
||